00543 2200205 4500001002100000005001500021035002000036007000300056008004100059020002200100082001200122084001800134100001700152245004100169250001100210260004200221300004100263650002300304990001000327INLIS00000000001161620220608091426 a0010-0622000126ta220608 g 1 ind  a978-602-9473-45-2 a363.349 a363.349 RAH s0 aRahman, Anee1 aSeri: Siaga Kebakaran /cAnee Rahman aCet. 1 aJakarta :bBee Media Indonesia,c2014 aii, 26 hlm :b.ilust ;c14,6 x 21 cm 4aPenanganan Bencana a5285a